|
|
|
|
| LEADER |
00000nam a2200000Ii 4500 |
| 001 |
DIGEDUNAV0033 |
| 003 |
NyNyDIG |
| 008 |
191231s2016 sp ob 000 0 spa d |
| 006 |
m o d |
| 007 |
cr ||||||||||| |
| 035 |
|
|
|a (OCoLC)1138070051
|
| 040 |
|
|
|a DGITA
|b eng
|e rda
|e pn
|c DGITA
|
| 020 |
|
|
|z 9788431331375
|
| 020 |
|
|
|z 8431331372
|
| 050 |
1 |
4 |
|a HD69.B7 ebook
|
| 100 |
1 |
|
|a Mir, Pedro
|q (aMir Bernal),
|e author.
|
| 245 |
1 |
0 |
|a Brand.com :
|b reputación de marcas y social media /
|c Pedro Mir.
|
| 250 |
|
|
|a Primera edición.
|
| 264 |
|
1 |
|a Pamplona :
|b EUNSA, Ediciones Universidad de Navarra,
|c 2016.
|
| 300 |
|
|
|a 1 online resource.
|
| 336 |
|
|
|a text
|b txt
|2 rdacontent
|
| 337 |
|
|
|a computer
|b c
|2 rdamedia
|
| 338 |
|
|
|a online resource
|b cr
|2 rdacarrier
|
| 347 |
|
|
|a text file
|2 rdaft
|
| 347 |
|
|
|a PDF
|
| 504 |
|
|
|a Includes bibliographical references.
|
| 588 |
0 |
|
|a Online resource; title from PDF title page (Digitalia, viewed January 27, 2020)
|
| 650 |
|
0 |
|a Branding (Marketing)
|
| 650 |
|
0 |
|a Internet marketing.
|
| 650 |
|
0 |
|a Online social networks.
|
| 650 |
|
0 |
|a Social media
|x Marketing.
|
| 650 |
|
0 |
|a Online social networks in business.
|
| 655 |
|
0 |
|a Electronic books.
|
| 791 |
2 |
|
|a Digitalia (Firm),
|e distributor.
|
| 793 |
0 |
|
|g Digitalia eBook Collection:
|a Ediciones Universidad de Navarra
|
| 776 |
0 |
8 |
|i Print version:
|a Mir Bernal, Pedro.
|t Brand.com.
|b Primera edición.
|d Pamplona : Ediciones Universidad de Navarra, 2016
|z 9788431331375
|w (OCoLC)958875450
|
| 830 |
|
0 |
|a Colección Comunicación (Pamplona, Spain)
|
| 856 |
4 |
0 |
|3 Digitalia Hispánica
|u https://www.digitaliapublishing.com/a/51332/
|
| 910 |
|
|
|a Premium collection: 2020
|